| 000 | 01489nam a2200433 i 4500 | ||
|---|---|---|---|
| 001 | 43818 | ||
| 003 | KOSZ 005 | ||
| 005 | 20201124113856.0 | ||
| 008 | 070413s2004 pl a f f |000 0 pol | ||
| 015 | _aPB 2007/12853 | ||
| 020 | _a8391944905 | ||
| 040 |
_aWA N _cWA N _dKOSZ 005/HR |
||
| 046 | _k2004 | ||
| 080 | _a628.2 | ||
| 080 | _a628.6 | ||
| 080 | _a696 | ||
| 080 | _a(075.8) | ||
| 100 | 1 |
_aChudzicki, Jarosław _eAutor |
|
| 245 | 1 | 0 |
_aInstalacje kanalizacyjne : _bprojektowanie, wykonanie, eksploatacja / _cJarosław Chudzicki, Stanisław Sosnowski. |
| 260 |
_aWarszawa : _bWydawnictwo "Seidel-Przywecki", _c2004. |
||
| 300 |
_a248 s. : _bil. ; _c25 cm + _edysk optyczny (CD-ROM). |
||
| 336 |
_2rdacontent _aTekst _btxt |
||
| 337 |
_2rdamedia _aBez urządzenia pośredniczącego _bn |
||
| 338 |
_2rdacarrier _aWolumin _bnc |
||
| 380 | _aKsiążki | ||
| 380 | _aPublikacje dydaktyczne | ||
| 385 |
_mPoziom nauczania _aSzkoły wyższe |
||
| 388 | _a2001- | ||
| 504 | _aBibliogr. s. 241-243, wykaz norm s. 244-248. | ||
| 650 | 4 | _aKanalizacja | |
| 650 | 4 | _aUrządzenia | |
| 650 | 4 | _aInstalacje sanitarne | |
| 655 | 4 | _aPodręczniki akademickie | |
| 658 | _aArchitektura i budownictwo | ||
| 700 | 1 |
_aSosnowski, Stanisław _eAutor |
|
| 710 | 2 |
_aWydawnictwo Seidel-Przywecki _4pbl. |
|
| 856 |
_uhttp://koha.tu.koszalin.pl/cgi-bin/koha/opac-detail.pl?biblionumber=43818 _yKatalog online BPK |
||
| 942 |
_2UKD _cKS |
||
| 999 |
_c43818 _d43818 |
||